000 02265 a2200433 4500
001 20774083
003 0199028
005 20251011124344.0
008 181129s2019 enk b 001 0 eng c
010 _a 2018054233
020 _a9781509530526
020 _a9781509530533
035 _a20774083
040 _aLBSOR/DLC
_beng
_cLBSOR
_erda
_dDLC
042 _apcc
050 0 0 _aJZ6368
_b.O97 2023
082 0 0 _a327.1/7
_223
100 1 _a Owsiak, Andrew P.
_eauthor.
245 1 0 _aInternational conflict management /
_c Andrew P. Owsiak, J. Michael Greig, and Paul F. Diehl.
260 _aNew York
_bRoutledge
_c2023
264 1 _aNew York
_bRoutledge
_c2023
300 _avii, 193p.:
_bill. chart, and tables
336 _atext
_2rdacontent
337 _aunmediated
_2rdamedia
338 _avolume
_2rdacarrier
504 _aIncludes bibliographical references and index.
505 0 _aIntroducing international conflict management -- Key ideas and frameworks -- Intervention -- Sanctions -- Negotiations -- Mediation -- Legal approaches -- Peace operations: peacekeeping and peacebuilding -- The intersection of conflict management approaches.
520 _a"International conflict has long plagued the world, and continues to do so. This comprehensive text introduces the varied approaches and factors that promote the deescalation and the peaceful management of conflict across the globe - from negotiation to arbitration, adjudication to peace ops, sanctions, and military or humanitarian intervention"--
_cProvided by publisher.
650 0 _aConflict management
_xInternational cooperation.
650 0 _aPeace-building
_xInternational cooperation.
650 0 _aDiplomatic negotiations in international disputes.
650 0 _aPacific settlement of international disputes.
700 1 _aOwsiak, Andrew P.,
_eauthor.
700 1 _aDiehl, Paul F.
_q(Paul Francis),
_eauthor.
776 0 8 _iOnline version:
_aGreig, J. Michael, author.
_tInternational conflict management
_dCambridge, UK ; Medford, MA : Polity Press, 2019
_z9781509530557
_w(DLC) 2019016696
906 _a7
_bcbc
_corignew
_d1
_eecip
_f20
_gy-gencatlg
942 _2lcc
_cBK
999 _c43688
_d43688